V záujme dobrého susedstva Komuniké o oficiálnej návšteve B. Chňoupka v Rakúsku

Podrobná bibliografia
Médium: Článok
Jazyk:slovenčina
Predmet:

MARC

LEADER 00000nab a2200000 a 4500
001 vtls000318596
003 SK-MaSNL
005 20260311224900.0
008 111201c1978 xo 0 slo
015 |a SNBRB19rr/mm-uuuuu 
035 |a CL0008688 
040 |a SNKBUCL  |b slo  |c SNKBUCL  |e AACR2 
041 0 |a slo 
044 |a xo  |c SK 
080 |a 327(437)  |2 1981 
080 |a 327(100)  |2 1981 
245 0 0 |a V záujme dobrého susedstva  |b Komuniké o oficiálnej návšteve B. Chňoupka v Rakúsku 
600 1 7 |a Chňoupek, Bohuš,  |d 1925-2004  |2 SNK  |9 163980 
648 7 |a 1978  |2 SNK  |9 377332 
650 0 7 |a zahraničná politika  |2 snkbucl  |9 971 
651 7 |a Československo  |2 snkbucl  |9 21376 
651 7 |a Rakúsko  |2 snkbucl  |9 18533 
655 7 |a články z novín a časopisov  |2 snkbucl  |9 267496 
773 0 |t Pravda  |g Roč. 59, č. 111 (13. 5. 1978), s. 1 a 7 
850 |a Slovenská národná knižnica v Martine  |a MTA001 
852 |a SNK  |b KIS3GCP 
992 |a RBX 
999 |c 3262926  |d 3264856